00567nam a2200169 i 450000100060000000300090000600500170001500700030003200800410003510000230007624500600009926000530015930000270021285200210023999900170026095201200027789778ES-MaACL20230906180251.0t|050113s1925 fr ||||1| fre d1 aLaurand, L.97061010aManuel des études grecques et latines / cL. Laurand. aParis : b[s.n.], c1925 (eMesnil : fF. Didot) aVII, 933 p. ; c21 cm. aES-MaACLjF-1534 c89778d89778 00104070aATENEOMbATENEOMcSPP2d2008-01-17eSCl0oF-1534p1093760r2023-02-23 00:00:00w2023-02-23yMONOGRAFIA